Quản lý chất lượng trong doanh nghiệp
Tài liệu giới thiệu về quản lý chất lượng, phong trào chất lượng, bảo đảm chất lượng, thu thập và phân tích dữ liệu ...
Uloženo v:
| Hlavní autor: | |
|---|---|
| Médium: | Kniha |
| Jazyk: | Undetermined |
| Vydáno: |
Hà Nội
Thống kê
2005
|
| Témata: | |
| Tagy: |
Přidat tag
Žádné tagy, Buďte první, kdo otaguje tento záznam!
|
| Thư viện lưu trữ: | Trung tâm Học liệu Trường Đại học Cần Thơ |
|---|
| LEADER | 00787nam a2200205Ia 4500 | ||
|---|---|---|---|
| 001 | CTU_91724 | ||
| 008 | 210402s9999 xx 000 0 und d | ||
| 020 | |c 45000 | ||
| 082 | |a 658.401 | ||
| 082 | |b Tr106 | ||
| 100 | |a Đặng, Minh Trang | ||
| 245 | 0 | |a Quản lý chất lượng trong doanh nghiệp | |
| 245 | 0 | |c Đặng Minh Trang | |
| 260 | |a Hà Nội | ||
| 260 | |b Thống kê | ||
| 260 | |c 2005 | ||
| 520 | |a Tài liệu giới thiệu về quản lý chất lượng, phong trào chất lượng, bảo đảm chất lượng, thu thập và phân tích dữ liệu ... | ||
| 650 | |a Managerial economics,Total quality management | ||
| 904 | |i Úy Chị, pha | ||
| 980 | |a Trung tâm Học liệu Trường Đại học Cần Thơ | ||